India's economic reforms and development: Essays for Manmohan Singh (Record no. 41657)

MARC details
000 -LEADER
fixed length control field 00398nam a2200133Ia 4500
082 ## - DEWEY DECIMAL CLASSIFICATION NUMBER
Classification number 330.34(540)
Item number AHL
245 #0 - TITLE STATEMENT
Title India's economic reforms and development: Essays for Manmohan Singh
260 ## - PUBLICATION, DISTRIBUTION, ETC. (IMPRINT)
Place of publication Delhi
Name of publisher Oxford University Press
Year of publication 1998
650 ## - SUBJECT ADDED ENTRY--TOPICAL TERM
Topical Term Liberalization
700 ## - ADDED ENTRY--PERSONAL NAME
Personal name Ahluwalia, Isher Judge
700 ## - ADDED ENTRY--PERSONAL NAME
Personal name Little, I M D
942 ## - ADDED ENTRY ELEMENTS (KOHA)
Koha item type Books
Holdings
Withdrawn status Lost status Damaged status Not for loan Home library Current library Date acquired Cost, normal purchase price Full call number Accession Number Koha item type
        RRII Library RRII Library 16/12/2021 575.00 330.34(540) AHL 21943 Books